Statistics and data analysis for nursing research / (Record no. 18488)
[ view plain ]
| 000 -LEADER | |
|---|---|
| fixed length control field | 00991nam a22002897a 4500 |
| 005 - DATE AND TIME OF LATEST TRANSACTION | |
| control field | 20150328144308.0 |
| 008 - FIXED-LENGTH DATA ELEMENTS--GENERAL INFORMATION | |
| fixed length control field | 141022t2014 enkadk frbd 001 0 eng d |
| 020 ## - INTERNATIONAL STANDARD BOOK NUMBER | |
| International Standard Book Number | 9781292027814 |
| 040 ## - CATALOGING SOURCE | |
| Original cataloging agency | EG-ScBUE |
| 082 00 - DEWEY DECIMAL CLASSIFICATION NUMBER | |
| Edition number | 22 |
| Classification number | 610.727 |
| Item number | POL |
| 100 1# - MAIN ENTRY--PERSONAL NAME | |
| Personal name | Polit, Denise F. |
| 9 (RLIN) | 36301 |
| 245 10 - TITLE STATEMENT | |
| Title | Statistics and data analysis for nursing research / |
| Statement of responsibility, etc | Denise F. Polit. |
| 250 ## - EDITION STATEMENT | |
| Edition statement | 2nd ed., Pearson new international ed. |
| 260 ## - PUBLICATION, DISTRIBUTION, ETC. (IMPRINT) | |
| Place of publication, distribution, etc | Harlow : |
| Name of publisher, distributor, etc | Pearson Education Limited, |
| Date of publication, distribution, etc | c.2014. |
| 300 ## - PHYSICAL DESCRIPTION | |
| Extent | ll, 445 p. : |
| Other physical details | charts, forms, tables ; |
| Dimensions | 28 cm. |
| 490 0# - Series Statement | |
| Series statement | Always Learning |
| 500 ## - GENERAL NOTE | |
| General note | Include glossary. |
| 500 ## - GENERAL NOTE | |
| General note | Index : p. 439-445. |
| 500 ## - GENERAL NOTE | |
| General note | Includes appendixes. |
| 504 ## - BIBLIOGRAPHY, ETC. NOTE | |
| Bibliography, etc | Include bibliographical reference. |
| 650 #0 - SUBJECT ADDED ENTRY--TOPICAL TERM | |
| Topical term or geographic name as entry element | Nursing |
| General subdivision | Research |
| -- | Statistical methods. |
| 9 (RLIN) | 36302 |
| 650 10 - SUBJECT ADDED ENTRY--TOPICAL TERM | |
| Topical term or geographic name as entry element | Nursing Research |
| General subdivision | methods. |
| 9 (RLIN) | 36303 |
| 650 10 - SUBJECT ADDED ENTRY--TOPICAL TERM | |
| Topical term or geographic name as entry element | Statistics as Topic. |
| 9 (RLIN) | 36304 |
| 653 ## - INDEX TERM--UNCONTROLLED | |
| Resource For college | Nursing |
| Arrived date list | October2014 |
| -- | March2015 |
| 655 ## - INDEX TERM--GENRE/FORM | |
| Form subdivision | |
| -- | 34232 |
| 942 ## - ADDED ENTRY ELEMENTS (KOHA) | |
| Source of classification or shelving scheme | Dewey Decimal Classification |
| Call number prefix | 610.727 POL |
| Withdrawn status | Item status | Source of classification or shelving scheme | Damaged status | Not for loan | Vendor | Home library | Current library | Shelving location | Date acquired | Source of acquisition | Cost, normal purchase price | Serial Enumeration / chronology | Total Checkouts | Total Renewals | Full call number | Barcode | Date last seen | Date last borrowed | Cost, replacement price | Koha item type |
|---|---|---|---|---|---|---|---|---|---|---|---|---|---|---|---|---|---|---|---|---|
| Dewey Decimal Classification | Baccah | Central Library | Central Library | First floor | 22/10/2014 | 264.00 | 20526 | 4 | 33 | 610.727 POL | 000036763 | 15/07/2025 | 15/11/2017 | 330.00 | Book - Borrowing | |||||
| Dewey Decimal Classification | Baccah | Central Library | Central Library | First floor | 22/10/2014 | 264.00 | 20526 | 610.727 POL | 000036764 | 15/07/2025 | 330.00 | Book - Borrowing | ||||||||
| Dewey Decimal Classification | Baccah | Central Library | Central Library | First floor | 28/03/2015 | 264.00 | 22358 | 3 | 82 | 610.727 POL | 000037831 | 15/07/2025 | 27/09/2017 | 330.00 | Book - Borrowing |